Zaostrené na ovzdušie

Bibliographic Details
Main Authors: Matušík, Anton (Author), Macáková, Soňa (Author)
Format: Article
Language:Slovak
PhysicalDescription:Obr. 2.
Subjects:

MARC

LEADER 00000nab a2200000 a 4500
001 vtls000198344
003 SK-MaSNL
005 20260302204935.0
008 160215c1984 xo 0 slo
015 |a SNBRB19rr/mm-uuuuu 
035 |a CL0208457 
040 |a SNKBUCL  |b slo  |c SNKBUCL  |e AACR2 
041 0 |a slo 
044 |a xo  |c SK 
080 |a 504.064  |2 1981 
080 |a 66  |2 1981 
080 |a 929 Matušík, Anton  |2 1981 
100 1 |a Matušík, Anton  |4 aut  |9 930087 
245 1 0 |a Zaostrené na ovzdušie  |c Anton Matušík, Soňa Macáková 
300 |b Obr. 2. 
650 0 7 |a atmosféra  |2 snkbucl  |9 3639 
650 0 7 |a Štátna technická inšpekcia ochrany ovzdušia SSR  |2 snkbucl  |9 930088 
650 0 7 |a Matušík, Anton  |2 snkbucl  |9 930089 
655 7 |a články z novín a časopisov  |2 snkbucl  |9 267496 
700 1 |a Macáková, Soňa  |4 aut  |9 923404 
773 0 |t Nedeľná Pravda  |g Roč. 17, č. 46 (1984), s. 6 
850 |a Slovenská národná knižnica v Martine  |a MTA001 
852 |a SNK  |b KIS3GCP 
958 |a BX 
958 |a RK 
992 |a RBX 
999 |c 1475721  |d 1477651